000
00239nam a22000977a 4500
999
_c
517010
_d
517010
082
_a
TNC AA B469
100
_a
Bhargava,K.N.
_9
24080
245
_a
Road to happiness
_c
By K.N. Bhargava
260
_a
Delhi
_b
V.K. Bhargava
_c
1995
300
_a
101p.